000 00933nam a2200349 a 4500
003 AR-BaBNM
005 20251128203943.0
008 082120s2002 ||||||||||||||000 | spa||
020 _a84-7046-257-1
040 _cAR-BaBNM
100 1 _aLucas, Joaquín Benito de
245 0 0 _aLiteratura de la postguerra
_bla poesía
260 _aBogotá
_bCincel-Kapelusz
_c1992
300 _a94 p.
490 0 _aCuadernos de estudio. Literatura
500 _aContiene índice de las materias
504 _aBibliografía
600 1 4 _aHernández, Miguel
600 1 4 _aCelaya, Gabriel
650 4 _aLITERATURA ESPAÑOLA
650 4 _aPOESIA
650 4 _aCULTURA
650 4 _aHUMANIDADES
650 4 _aESCRITORES
650 4 _aCRITICA LITERARIA
653 _aPOSTGUERRA
655 _aLITERATURA
800 1 _aMarín, F. Marcos
_ecoordinador
800 1 _aBasanta, Angel
_ecoordinador
942 _cBK
998 _cCarmen
999 _c5596
_d5596